Statistics for U.S. General Knowledge #15

Click here to take the quiz!

General Stats

  • This quiz has been taken 8,397 times
  • The average score is 12 of 20

Answer Stats

QuestionAnswer% Correct
Besides cheese and sauce, what two toppings appear on a Hawaiian pizza?Pineapple
95%
What is the state nickname of Texas?The {Lone} {Star} State
91%
What is the airport code of Los Angeles International Airport?LAX
91%
Besides cheese and sauce, what two toppings appear on a Hawaiian pizza?Ham
82%
What prison was once inhabited by a "birdman"?Alcatraz
78%
What two major cities in the lower 48 states are furthest apart from each other?Miami
74%
What two major cities in the lower 48 states are furthest apart from each other?Seattle
70%
Who wrote "To Kill a Mockingbird"?Harper Lee
64%
What holiday, started in the U.S., is dedicated to planting trees?{Arbor} Day
64%
Whose plane crashed near Martha's Vineyard in 1999?John F. Kennedy Jr.
62%
What African-American woman will soon be featured on the $20 bill?Harriet Tubman
60%
What TV show's annual Halloween special is called "Treehouse of Horror"?The Simpsons
57%
What Texas city has a name that means "yellow" in Spanish?Amarillo
55%
What restaurant chain used the jingle "I want my baby back ribs"?Chili's
51%
What TV show takes place in the city of New New York in the year 3000?Futurama
50%
What U.S. state has the highest percentage of non-white residents?Hawaii
49%
What city re-elected mayor Marion Barry despite his conviction for using crack cocaine?Washington D.C.
47%
What became the U.S. national mammal in 2016?American Bison
35%
What untouchable rapper toured around the world from London to the Bay?MC Hammer
31%
What are the last two words to the above song?Barbecue Sauce
23%

Score Distribution

Percentile by Number Answered

Percent of People with Each Score

Your Score History

You have not taken this quiz